KOHA-Header-6

Macroeconomics (Record no. 6028)

000 -LEADER
fixed length control field 00269nam a2200109Ia 4500
008 - FIXED-LENGTH DATA ELEMENTS--GENERAL INFORMATION
fixed length control field 190906s9999||||xx |||||||||||||| ||und||
100 ## - MAIN ENTRY--PERSONAL NAME
Personal name Crosby, Fischer, Startz
245 #0 - TITLE STATEMENT
Title Macroeconomics
260 ## - PUBLICATION, DISTRIBUTION, ETC. (IMPRINT)
Place of publication, distribution, etc New Delhi
Name of publisher, distributor, etc Tata McGraw Hill
Date of publication, distribution, etc 2003
300 ## - PHYSICAL DESCRIPTION
Extent 562
942 ## - ADDED ENTRY ELEMENTS (KOHA)
Koha item type Books
Holdings
Withdrawn status Lost status Source of classification or shelving scheme Damaged status Not for loan Collection code Permanent Location Current Location Shelving location Date acquired Total Checkouts Full call number Barcode Date last seen Date checked out Price effective from Koha item type
          Economics MAJU MAJU Shelf No.A48 2019-09-06 1 339 5419 2020-03-01 2020-02-27 2019-09-06 Economics

Powered by Koha